000 00775cam a22002653a 4500
001 20
003 PGUSA
005 20140828082942.0
008 911001s1991||||xxu|||||s|||||000 p eng d
040 _aPGUSA
_beng
042 _adc
050 4 _aPR
100 1 _aMilton, John,
_d1608-1674
245 1 0 _aParadise Lost
_h[electronic resource] /
_cJohn Milton
260 _bProject Gutenberg,
_c1991
506 _aPublic domain in the USA.
516 _aElectronic text
653 _aAdam (Biblical figure) -- Poetry
653 _aBible. Genesis -- History of Biblical events -- Poetry
653 _aEve (Biblical figure) -- Poetry
653 _aFall of man -- Poetry
830 0 _aProject Gutenberg
_v20
856 4 0 _uhttp://www.gutenberg.org/ebooks/20
942 _cEB
999 _c229391
_d229391